000 00946cam a22003137a 4500
003 CHAP
005 20220329142306.0
008 000518d1998 enka r 00110 eng d
010 _a81169
011 _a82141
020 _a0471973475
035 _a92627
040 _cCHAP
082 0 4 _a551.49
_bB7 1998
100 0 0 _aBrassington, Rick.
_915082
245 1 0 _aField hydrogeology
_c/by Rick Brassington
250 _a2 ed.
260 _aWest Sussex, Eng. :
_bJohn Wiley & Sons,
_c1998.
300 _a248 p. :
_bilus.
590 _aBATCH-UPD
_b10
_c20130110
_lUCH01
_h0559
590 _aBATCH-UPD
_b10
_c20130410
_lUCH01
_h0240
590 _aBATCH-UPD
_b10
_c20130914
_lUCH01
_h0747
590 _aCONVERSION
_b10
_c20130109
_lUCH01
_h1345
650 1 4 _aHidrogeología.
_955236
901 _aBK
905 _aAlejandra Carrasco M.
942 _cLIBRO
949 _a551.49 B7 1998
_bBC
_cLIBRO
_d33724000743019
_eLIBRO
_gI.203343
_h97586
_i92627
_si
_t$778.
999 _c81169
_d81169